<?xml version="1.0" encoding="UTF-8"?>
<marc:record xmlns:marc="http://www.loc.gov/MARC21/slim">
   <marc:leader>00000nam a2200000 a 4500</marc:leader>
   <marc:datafield ind1="1" ind2=" " tag="100">
      <marc:subfield code="a">Jacobsen, Steffen</marc:subfield>
      <marc:subfield code="4">aut</marc:subfield>
      <marc:subfield code="e">Verfasser/-in</marc:subfield>
   </marc:datafield>
   <marc:datafield ind1=" " ind2=" " tag="653">
      <marc:subfield code="a">Fiktionale Darstellung</marc:subfield>
   </marc:datafield>
   <marc:datafield ind1=" " ind2=" " tag="653">
      <marc:subfield code="a">Krimis, Thriller, Spionage</marc:subfield>
   </marc:datafield>
   <marc:datafield ind1="0" ind2="0" tag="245">
      <marc:subfield code="a">Lüge</marc:subfield>
   </marc:datafield>
   <marc:datafield ind1="0" ind2="0" tag="245">
      <marc:subfield code="b">Thriller</marc:subfield>
   </marc:datafield>
   <marc:datafield ind1="0" ind2="0" tag="245">
      <marc:subfield code="c">Jacobsen, Steffen</marc:subfield>
   </marc:datafield>
   <marc:datafield ind1=" " ind2="1" tag="264">
      <marc:subfield code="a">München</marc:subfield>
      <marc:subfield code="b">Heyne</marc:subfield>
      <marc:subfield code="c">2017</marc:subfield>
   </marc:datafield>
   <marc:datafield ind1="1" ind2=" " tag="520">
      <marc:subfield code="a">Angaben aus der Verlagsmeldung 

 Lüge  : Thriller  Et bjerg af løgne  / von Steffen Jacobsen

Hochspannend und beklemmend aktuell - ein neuer Fall für Lene Jensen und Michael Sander

Die dänische Gesellschaft Nobel Oil kennt keine Skrupel, sich die gigantischen Rohstoffvorkommen in der grönländischen Diskobucht zu sichern. Die Einwohner sind alarmiert, Umweltaktivisten agieren zunehmend rabiat. Als der Chef-Geologe des Bohrungsgeländes tot aufgefunden wird und ein USB-Stick mit brisanten Informationen verschwindet, werden Kommissarin Lene Jensen und Ermittler Michael Sander angeheuert, den Fall aufzuklären. Alle Spuren verweisen auf einen Täter aus der militanten Umweltaktivisten-Szene. Doch scheinen diese Hinweise fingiert zu sein, und Jensen und Sander beginnen, auf eigene Faust zu ermitteln. Bis sie erkennen, dass sie nur Bauernopfer sind in einem unerbittlichen Kampf um Geld, Prestige und Macht.</marc:subfield>
   </marc:datafield>
   <marc:datafield ind1=" " ind2=" " tag="020">
      <marc:subfield code="a">9783453438835</marc:subfield>
      <marc:subfield code="9">9783453438835</marc:subfield>
   </marc:datafield>
   <marc:datafield ind1=" " ind2=" " tag="020">
      <marc:subfield code="a">3453438833</marc:subfield>
      <marc:subfield code="9">3453438833</marc:subfield>
   </marc:datafield>
   <marc:datafield ind1=" " ind2=" " tag="041">
      <marc:subfield code="a">ger</marc:subfield>
   </marc:datafield>
   <marc:datafield ind1=" " ind2=" " tag="338">
      <marc:subfield code="a">Band</marc:subfield>
   </marc:datafield>
   <marc:datafield ind1=" " ind2=" " tag="300">
      <marc:subfield code="a">479 Seiten</marc:subfield>
   </marc:datafield>
</marc:record>
